Ganadores de la Copa del Rey - Estadísticas

Estadísticas generales
  • Esta prueba ha sido intentada 143 veces
  • La puntuación promedio es 9 de 14
Answers on the Grid
Answers color-coded by a green-red scale on the quiz's grid according to % correct below.
Zamora CF
Celta de Vigo
Real Madrid
Getafe CF
FC Barcelona
Villarreal CF
Deportivo de La Coruña
Girona FC
Real Sporting de Gijon
Real Oviedo
Real Sociedad
Osasuna
Real Valladolid
UD Las Palmas
Racing Santander
Malaga
Real Zaragoza
Cartagena
RCD Espanyol
Yeclano Deportivo
CF Fuenlabrada
Real Betis
Valencia CF
Almeria
Sevilla FC
Real Union Club
Deportivo Alaves
Atletico de Madrid
Leganes
Eibar
Rayo Vallecano
Cadiz CF
Levante UD
Athletic Club
Elche CF
RCD Mallorca
Union Deportiva Salamanca
Granada CF
Recreativo de Huelva
Arenas Club de Getxo
 
Estadísticas de respuestas
Respuesta % Correcto
Real Madrid
98%
FC Barcelona
87%
Deportivo de La Coruña
68%
Real Sociedad
67%
Valencia CF
67%
Atletico de Madrid
63%
Athletic Club
61%
Real Betis
61%
Sevilla FC
61%
Real Zaragoza
55%
RCD Espanyol
54%
RCD Mallorca
47%
Arenas Club de Getxo
39%
Real Union Club
35%
No se encontraron pruebas coincidentes
Distribución de puntuación
Porcentaje de gente con cada puntuación
Porcentaje por número respondido
Historial de tus puntuaciones
No has intentado esta prueba.